000 00426nam a2200181Ia 4500
001 23338
005 20260414150930.0
008 260414t2001||||xx |||||||||||||| ||spa||
041 _aESP
082 _a629.8312
_bA83
100 _aAstrom, Karl
_eAUT
245 0 _aControl of complex systems
_b
260 _c2001
300 _axii, 482 páginas :
_c24 cm.
650 _aCNM
654 _aCCN
942 _cLIB
_dJUS
_fJUS
_2ddc
_n
999 _c23338
_d23338